000 00322nam a22001337a 4500
005 20250905143042.0
008 250905b - |||||||| |||| 00| 0 eng d
022 _a0031-6849
245 _aPHARMA TIMES
260 _aMUMBAI
_bTHE INDIAN PHARMACEUTICAL ASSOCIAION
300 _a43;P
650 _aPHARMCY
_95226
942 _cJRL
999 _c8796
_d8794